header

Grit, noise, and revolution (Record no. 228031)

MARC details
000 -LEADER
fixed length control field 02160nam a2200361 a 4500
082 04 - DEWEY DECIMAL CLASSIFICATION NUMBER
Classification number 781.66/09774/34
100 1# - MAIN ENTRY--AUTHOR NAME
Personal name Carson, David,
245 10 - TITLE STATEMENT
Title Grit, noise, and revolution
260 ## - PUBLICATION, DISTRIBUTION, ETC. (IMPRINT)
Place of publication Ann Arbor [Mich.] :
Name of publisher University of Michigan Press,
Year of publication c2005.
300 ## - PHYSICAL DESCRIPTION
Number of Pages x, 376 p. :
Other physical details ill.
500 ## - GENERAL NOTE
General note "First paperback edition 2006."
505 0# - FORMATTED CONTENTS NOTE
Formatted contents note Boogie and the beat -- Fame and fortune -- Freewheelin' in the motor city -- Motown and other sounds -- The village is on fire -- On to the hideout -- So you wanna be a rock 'n' roll star? -- A whole lotta soul, a whole lotta funk -- Birth of the noise -- A mythical figure -- Summer in the city -- Hippies and head shops -- Hits and misses -- Something in the air -- Seger on the rise -- A night at the Grande -- Enter the stooges -- On the front lines with the MC5 -- Total assault : kickin' out the jams -- Up against the wall and beyond -- The Detroit pop festival -- Voices of the counterculture -- I wanna be your dog -- "Uncle Russ" -- First train out of town -- 1970 -- The big bust.
650 #0 - SUBJECT ADDED ENTRY--TOPICAL TERM
Topical Term Rock music
856 40 - ELECTRONIC LOCATION AND ACCESS
Uniform Resource Identifier http://site.ebrary.com/lib/rucke/Doc?id=10461090

No items available.

© 2026 Rongo University
Contact us: librarian | system librarian | Rongo university